Quiz sulla città di Brescia - Statistics

Statistiche generali
  • Questo quiz è stato fatto 450 volte
  • Il punteggio medio è 12 su 20
Statistiche sulle risposte
Descrizione Risposta % Corretto
Regione nella quale si trova Brescia Lombardia
100%
Lago ad est di Brescia Lago di Garda
89%
Lago a nord-ovest di Brescia Lago d'Iseo
86%
Rivolta del 1849 contro l'oppressione austriaca {Dieci} Giornate di Brescia
76%
Sopranome di Brescia {Leonessa} d'Italia
74%
Nome latino di Brescia Brixia
72%
Più vecchia azienda di armi da fuoco al mondo Beretta
61%
Più famoso palazzo di Brescia La {Loggia}
61%
Repubblica che prese il controllo di Brescia nel 1426 Venezia
60%
Spumante DOCG prodotto nella zona di Brescia Franciacorta
56%
Wührer era la più vecchia azienda italiana produttrice di ____ Birra
54%
Piazza di architettura rationalista Piazza della {Vittoria}
51%
Fiume principale Mella
50%
Ex-calciatore nato a Brescia nel 1979 Andrea Pirlo
49%
Martiri cristiani e patroni santi di Brescia Faustino
48%
Massiccio di quale fa parte questo monte {Prealpi} bresciane
48%
Cibo di lusso prodotto a Calvisano Caviale
47%
Collina che domina la città a 874 m Monte {Maddalena}
45%
Martiri cristiani e patroni santi di Brescia Giovita
36%
Gara automobilistica inventata a Brescia Mille Milia
20%
Nessun quiz corrispondente trovato
Distribuzione punteggi
Percentuale di utenti per punteggio
Percentile per numero di risposta
I tuoi punteggi nel tempo
Non hai fatto questo quiz